អត្ថបទល្ខោនយីកេ រឿងក្បូនជីវិត / (Record no. 6693)

MARC details
000 -LEADER
fixed length control field 01798nam a22002537a 4500
001 - CONTROL NUMBER
control field 6693
003 - CONTROL NUMBER IDENTIFIER
control field FISKH
005 - DATE AND TIME OF LATEST TRANSACTION
control field 20250521104101.0
008 - FIXED-LENGTH DATA ELEMENTS--GENERAL INFORMATION
fixed length control field 250521b cb ||||| |||| 00| 0 eng d
040 ## - CATALOGING SOURCE
Original cataloging agency FISKH
Language of cataloging khr
Transcribing agency FISKH
Modifying agency FISKH
082 ## - DEWEY DECIMAL CLASSIFICATION NUMBER
Classification number 800
100 ## - MAIN ENTRY--PERSONAL NAME
Personal name Chihout, Ty
245 ## - TITLE STATEMENT
Title អត្ថបទល្ខោនយីកេ រឿងក្បូនជីវិត /
Statement of responsibility, etc. លោក ទី ជីហួត (១៩៥២-១៩៨៧)
250 ## - EDITION STATEMENT
Edition statement កាលបរិច្ឆទនិពន្ធ ថ្ងៃទី២៨ ខែមិនា ឆ្នាំ​១៩៨៧
260 ## - PUBLICATION, DISTRIBUTION, ETC.
Place of publication, distribution, etc. ភ្នំពេញ :
Name of publisher, distributor, etc. បាក់ទូក ថតចំលង ,
Date of publication, distribution, etc. ២០១៦ .
300 ## - PHYSICAL DESCRIPTION
Extent 150 pages :
Other physical details illustrations ;
Dimensions 20 cm .
520 ## - SUMMARY, ETC.
Summary, etc. ល្ខោនយីកេរឿង «ក្បូនជីវិត» សរសេរដោយលោក ទី ជីហួត គឺជាអត្ថបទសិល្បៈសម្ដែងដែលមានតួនាទីជាការពន្យល់និងបង្រៀនអំពីអភិវឌ្ឍន៍នៃជីវិតរបស់មនុស្ស តាមរយៈការប្រឈមមុខនឹងបញ្ហានានា និងការទទួលខុសត្រូវជាមនុស្សក្នុងសង្គម។
520 ## - SUMMARY, ETC.
Summary, etc. The Yike opera titled "Kbon Cheivit" (The Pattern of Life), written by Tee Chhihout, is a performing arts piece that serves to explain and teach about the development of human life through various challenges and the responsibilities one holds as a member of society.
650 ## - SUBJECT ADDED ENTRY--TOPICAL TERM
Topical term or geographic name entry element ក្បូនជីវិត
Form subdivision យីកេ
650 ## - SUBJECT ADDED ENTRY--TOPICAL TERM
Topical term or geographic name entry element Kjboun Chivit
Form subdivision Yi Ke
700 ## - ADDED ENTRY--PERSONAL NAME
Personal name Pahen, Hay
Relator term Illustrator
942 ## - ADDED ENTRY ELEMENTS (KOHA)
Source of classification or shelving scheme Dewey Decimal Classification
Koha item type Khmer Books
Suppress in OPAC No
Holdings
Withdrawn status Lost status Source of classification or shelving scheme Damaged status Not for loan Collection Home library Current library Shelving location Date acquired Total Checkouts Full call number Barcode Date last seen Price effective from Koha item type
    Dewey Decimal Classification     Khmer Language Books / សៀវភៅភាសាខ្មែរ Footprints International School Library Network Toul Tom Poung Campus Footprints International School Library Network Toul Tom Poung Campus TTP Secondary Khmer Bookshelves 05/21/2025   CHI 800 FISSE01628 05/21/2025 05/21/2025 Khmer Books